<?xml version="1.0" encoding="UTF-8"?>
<record
    xmlns:xsi="http://www.w3.org/2001/XMLSchema-instance"
    xsi:schemaLocation="http://www.loc.gov/MARC21/slim http://www.loc.gov/standards/marcxml/schema/MARC21slim.xsd"
    xmlns="http://www.loc.gov/MARC21/slim">

  <leader>00611nam a22002057a 4500</leader>
  <controlfield tag="005">20210303153310.0</controlfield>
  <controlfield tag="008">Espa&#xF1;ol</controlfield>
  <datafield tag="041" ind1=" " ind2=" ">
    <subfield code="a">spa</subfield>
  </datafield>
  <datafield tag="082" ind1=" " ind2=" ">
    <subfield code="a">TU 126</subfield>
  </datafield>
  <datafield tag="100" ind1=" " ind2=" ">
    <subfield code="a">Ure&#xF1;a Chac&#xF3;n, Edgar Augusto</subfield>
    <subfield code="9">59847</subfield>
  </datafield>
  <datafield tag="245" ind1=" " ind2=" ">
    <subfield code="a">Potencial tur&#xED;stico del Cerro Bella Vista para construcci&#xF3;n de uan cafeter&#xED;a gourment especializada en la observaci&#xF3;n de aves</subfield>
  </datafield>
  <datafield tag="260" ind1=" " ind2=" ">
    <subfield code="c">2019</subfield>
  </datafield>
  <datafield tag="300" ind1=" " ind2=" ">
    <subfield code="a">122 p&#xE1;ginas</subfield>
  </datafield>
  <datafield tag="650" ind1=" " ind2=" ">
    <subfield code="a">COSTA RICA</subfield>
    <subfield code="9">59848</subfield>
  </datafield>
  <datafield tag="650" ind1=" " ind2=" ">
    <subfield code="a">CERRO BELLA VISTA</subfield>
    <subfield code="9">59849</subfield>
  </datafield>
  <datafield tag="650" ind1=" " ind2=" ">
    <subfield code="a">AVITURISMO</subfield>
    <subfield code="9">59850</subfield>
  </datafield>
  <datafield tag="650" ind1=" " ind2=" ">
    <subfield code="a">ZONA DE LOS SANTOS</subfield>
    <subfield code="9">2479</subfield>
  </datafield>
  <datafield tag="650" ind1=" " ind2=" ">
    <subfield code="a">ATRACTIVOS TUR&#xCD;STICOS</subfield>
    <subfield code="9">5394</subfield>
  </datafield>
  <datafield tag="942" ind1=" " ind2=" ">
    <subfield code="c">IP</subfield>
  </datafield>
  <datafield tag="999" ind1=" " ind2=" ">
    <subfield code="c">12939</subfield>
    <subfield code="d">12939</subfield>
  </datafield>
  <datafield tag="952" ind1=" " ind2=" ">
    <subfield code="0">0</subfield>
    <subfield code="1">0</subfield>
    <subfield code="4">0</subfield>
    <subfield code="7">0</subfield>
    <subfield code="l">0</subfield>
    <subfield code="o">TU 126</subfield>
    <subfield code="p">TU126</subfield>
    <subfield code="r">2021-03-03 00:00:00</subfield>
    <subfield code="w">2021-03-03</subfield>
    <subfield code="y">IP</subfield>
  </datafield>
</record>
